DIGITAL COMMUNICATION (Record no. 11211)

MARC details
000 -LEADER
fixed length control field 00276nam a22001337a 4500
003 - CONTROL NUMBER IDENTIFIER
control field SGT
082 ## - DEWEY DECIMAL CLASSIFICATION NUMBER
Classification number 621.382
Item number D05K
100 ## - MAIN ENTRY--PERSONAL NAME
Personal name KATRE,J.S
245 ## - TITLE STATEMENT
Title DIGITAL COMMUNICATION
260 ## - PUBLICATION, DISTRIBUTION, ETC. (IMPRINT)
Place of publication, distribution, etc PUNE
Name of publisher, distributor, etc TECH-MAX PUB
Year of Publication 2005
300 ## - PAGE DESCRIPTION
No. of Pages 5-98
650 ## - SUBJECT ADDED ENTRY--TOPICAL TERM
Topical term or geographic name as entry element PHARMACY
942 ## - ADDED ENTRY ELEMENTS (KOHA)
Source of classification or shelving scheme Dewey Decimal Classification
Koha item type Books
Holdings
Withdrawn status Lost status Source of classification or shelving scheme Damaged status Use restrictions Not for loan Collection code Home library Current library Shelving location Date acquired Vendor Name Cost, normal purchase price SGTU Full call number Accession No. (Barcode) Date last seen Bill Date Koha item type
    Dewey Decimal Classification   Restricted Access   PHARMACY SGT FA-FP Library SGT FA-FP Library Reference Book 15/03/2017 AHUJA PUB 150.00 SGTU 621.382 D05K FP2275 15/03/2017 15/03/2017 Books